| 000 | 00999cam a2200277 4500 | ||
|---|---|---|---|
| 001 | 4552076 | ||
| 005 | 20020426160347.0 | ||
| 008 | 730108s1972 nyu bs 001 0 eng | ||
| 010 | _a 72078102 | ||
| 020 | _a0030859964 | ||
| 040 |
_aDLC _cDLC _dDLC |
||
| 043 | _an-us--- | ||
| 050 | 0 | 0 |
_aHF1455 _b.H78 |
| 082 | 0 | 0 |
_a337.73 _222 _bHUD |
| 100 | 1 |
_aHudson, Michael, _d1939- _99475 |
|
| 245 | 1 | 0 |
_aSuper Imperialism: _bthe Economic Strategy of American Empire/ _cby Michael Hudson |
| 260 |
_aNew York: _bHolt, Rinehart and Winston, _c1972 |
||
| 300 |
_axxx, 304 p.; _c22 cm. |
||
| 500 | _aDonated By:Alaa Abdel Ghany | ||
| 504 | _aIncludes bibliographical references. | ||
| 650 | 0 |
_aImperialism. _99476 |
|
| 650 | 0 |
_aInternational finance. _99477 |
|
| 651 | 0 |
_aUnited States _xForeign economic relations. _99478 |
|
| 942 |
_2ddc _cBB |
||
| 999 |
_c12942 _d12942 |
||